Datos para la historia del descubrimiento de los metales / (Record no. 159946)

MARC details
000 -LEADER
campo de control de longitud fija 00597nam a2200157 i 4500
001 - NÚMERO DE CONTROL
campo de control 159946
003 - IDENTIFICADOR DE NÚMERO DE CONTROL
campo de control ES-MaACL
005 - FECHA Y HORA DE LA ÚLTIMA TRANSACCIÓN
campo de control 20230906211904.0
008 - DATOS DE LONGITUD FIJA--INFORMACIÓN GENERAL
campo de control de longitud fija 000926s1861 sp |||| | spa d
100 1# - ENTRADA PRINCIPAL--NOMBRE DE PERSONA
Nombre de persona Monasterio y Correa, José de.
9 (RLIN) 130045
245 10 - MENCIÓN DEL TÍTULO
Título Datos para la historia del descubrimiento de los metales /
Mención de responsabilidad, etc. por José de Monasterio y Correa.
260 ## - PUBLICACIÓN, DISTRIBUCIÓN, ETC.
Lugar de publicación, distribución, etc. Madrid :
Nombre del editor, distribuidor, etc. [s.n.],
Fecha de publicación, distribución, etc. 1861 (
Fabricante Imp. de la Viuda de Antonio Yenes)
300 ## - DESCRIPCIÓN FÍSICA
Extensión 36 p. ;
Dimensiones 22 cm.
650 #4 - PUNTO DE ACCESO ADICIONAL DE MATERIA--TÉRMINO DE MATERIA
Término de materia o nombre geográfico como elemento de entrada Metales.
9 (RLIN) 136490
852 4# - LOCALIZACIÓN
Ubicación ES-MaACL
Número de control de estantería T-83-F-2
Nota libre - Enc. hol., falto de cub. original
-- - Enc. en un vol. facticio
Holdings
Estatus retirado Estado de pérdida Estado de daño No para préstamo Colección Biblioteca de origen Biblioteca actual Ubicación en estantería Fecha de adquisición Total de préstamos Signatura topográfica completa Código de barras Visto por última vez Precio de reemplazo Tipo de ítem Koha
        Colección de folletos Biblioteca del Ateneo de Madrid Biblioteca del Ateneo de Madrid Depósito folletos 17/01/2008   T-83-F-2 1167446 23/02/2023 23/02/2023 Folleto